000 01802cam a22004454i 4500
003 PE-LiUPU
005 20250731175640.0
008 150706s r 000 0 d
020 _a9781405882101
035 _a(Sirsi) i9781405882101
040 _aPE-LiUPU
_bspa
_cPE-LiUPU
_erda
049 _aPRUA
082 0 4 _a428.6461
_bPR4da
_221
100 1 _aForsyth, Frederick,
_d1938- ,
_eautor.
245 1 4 _aThe day of the jackal /
_cFrederick Forsyth contada por John Escott.
264 1 _aHarlow :
_bPearson Education,
_c2008.
300 _avii, 106 páginas :
_bilustraciones ;
_c20 cm.
300 _a03 CD-ROM (1-3)
336 _atext
_2rdacontent
337 _aunmediated
_2rdamedia
338 _avolume
_2rdacarrier
490 0 _aPenguin Readers ;
_vLevel 4
505 0 _aThe jackal -- A very special gun -- A trip to the forest -- The best detective in France -- A man called calthrop -- The british connection -- Colette -- Another killing -- The telephone call -- The old soldier -- A question of identity -- Activities.
526 _aP145
526 _aP127
526 _aP97
526 _aP35
526 _aP14
526 _aP07
541 _g002-0046574;
650 1 4 _aInglés
_vLibros de Lectura.
700 1 _aTiner, Ron,
_eil
700 1 _aEscott, John.
910 _agl
_cjck
_d20120514
942 _2ddc
_cBOOK
949 _a428.6461 PR4DA
_wDEWEY
_c1
_i64629
_lCCODEBUL1
_mBUL
_p5.00
_r0
_sY
_tBOOK
_u2015-7-6
_xEDUCACION
_PP20
_o.STAFF. Colección General
994 _aC0
_bPEPRU
596 _a1
999 _a428.6461 PR4DA
_wDEWEY
_c53338
_i64629
_d53338
_f2021-11-8
_g5
_lCCODEBUL1
_mBUL
_p5.00
_q1
_r0
_sY
_tBOOK
_u2015-7-6
_xEDUCACION
_PP20
_0COMPRA
_o.STAFF. Colección General
980 _81
_gALBERTO SANCHEZ Responsable de Automatización